000 00729nam a22001577a 4500
003 OSt
005 20151116090529.0
008 151116b xxu||||| |||| 00| 0 eng d
040 _cRUA
082 _aFOR BY 2008 B136 Or.1
100 _93694
_aBY, VEASNA.
245 _astudy about the management plan of sre ombel forestry administration divison, kohkong forestry cantonment (ការសិក្សាពីផែនការគ្រប់គ្រងព្រៃឈើរបស់ផ្នែករដ្ឋបាលព្រៃឈើស្រែអំបិល ខណ្ឌរដ្ឋបាលព្រៃឈើកោះកុង)
260 _aPhnom Penh
_bRUA
_c2008
300 _axii, 61p.
_bill.
_c29cm.
942 _2ddc
_cFOR
999 _c3442
_d3442